Tres puertas a la muerte

Uloženo v:
Podrobná bibliografie
Hlavní autor: Stout, Rex (Autor)
Médium: Kniha
Jazyk:španělština
Vydáno: Buenos Aires Jackson 1954
Témata:
Tagy: Přidat tag
Žádné tagy, Buďte první, kdo vytvoří štítek k tomuto záznamu!

MARC

LEADER 00000nam a2200000 a 4500
001 UCT6569
003 CL-VaPUC
008 970113e19540000AG |||||||||||||||||spa|d
082 0 4 |a 813  |b STO  |2 21 
100 0 |a Stout, Rex  |e author  |9 376815 
245 1 0 |a Tres puertas a la muerte 
300 |a 162 p 
942 |c BK 
945 |d 19970113 00:00:00  |a rleighto 
260 |a Buenos Aires  |b Jackson  |c 1954 
650 0 |a Novelas estadounidenses  |9 265217 
583 |a last modification  |c 19970113 00:00:00  |k Rodrigo Vera 
999 |c 255257  |d 255255 
952 |0 0  |1 0  |4 0  |6 813_000000000000000_STO_1954  |7 0  |8 A  |9 277435  |a BIBEDU  |b BIBEDU  |d 2019-11-19  |i 3266419  |o 813 STO 1954  |p 3266419  |r 2019-11-19  |w 2019-11-19  |y BK  |k LIT